| 000 | 02203cam a22005054i 4500 | ||
|---|---|---|---|
| 003 | PE-LiUPU | ||
| 005 | 20250731172757.0 | ||
| 008 | 150617s r 000 0 d | ||
| 020 | _a8428508186 | ||
| 035 | _a(Sirsi) i9788428508186 | ||
| 040 |
_aPE-LiUPU _bspa _cPE-LiUPU _erda |
||
| 049 | _aPRUA | ||
| 082 | 0 | 4 |
_a241 _bR62c1980 _221 |
| 100 | 1 |
_aRincón Orduña, R., _eautor. |
|
| 245 | 1 | 0 |
_aPraxis cristiana : _bFundamentación / _cR. Rincón Orduña. |
| 264 | 1 |
_a[Madrid] : _bEdiciones Paulinas, _c1980. |
|
| 300 |
_a474 páginas ; _c22 centímetros. |
||
| 336 |
_atext _2rdacontent |
||
| 337 |
_aunmediated _2rdamedia |
||
| 338 |
_avolume _2rdacarrier |
||
| 504 | _aIncluye bibliografía. | ||
| 505 | 0 | _aLa ética bíblica -- De la moral de los padres a la teología moral de nuestros días -- El conjunto del mensaje sinóptico y el lugar de su dimensión moral -- El contenido de la ética evangélica -- Sentido y alcance de la ética evangélica -- Crisis actual de la moral -- La génesis de la moral: autonomía y autenticidad del comportamiento -- El proyecto ético: la realización del hombre como persona -- El descubrimiento de los valores: reflexiones sobre la ley natural -- El descubrimiento de los valores: su carácter histórico y evolutivo -- La ética personal -- La responsabilidad comunitaria. | |
| 526 | _aSEG42 | ||
| 526 | _aSEG41 | ||
| 526 | _aSEG40 | ||
| 526 | _aSEG39 | ||
| 526 | _aP94 | ||
| 526 | _aP87 | ||
| 526 | _aP86 | ||
| 526 | _aP85 | ||
| 526 | _aP77 | ||
| 526 | _aP76 | ||
| 526 | _aP35 | ||
| 650 | 0 | 4 |
_aÉtica Cristiana. _91047 |
| 650 | 0 | 4 | _aVida cristiana. |
| 700 | 1 |
_aLópez Azpitarte, E., _eautor. |
|
| 700 | 1 |
_aMora Bartrés, G., _eautor. |
|
| 910 |
_ajck _bjvq _cjck _d20150616 |
||
| 942 |
_2ddc _cBOOK |
||
| 949 |
_a241 R62C 1980 _wDEWEY _c1 _i19537 _lCCODEBUL1 _mBUL _r0 _sY _tBOOK _u2015-4-21 _xTEOLOGIA _PP35 _0COMPRA _o.STAFF. Colección general |
||
| 994 |
_aC0 _bPEPRU |
||
| 596 | _a1 | ||
| 999 |
_a241 R62C 1980 _wDEWEY _c3116 _i19537 _f2021-11-10 _g5 _lCCODEBUL1 _mBUL _r0 _sY _tBOOK _u2015-4-21 _xTEOLOGIA _PP35 _0COMPRA _o.STAFF. Colección general _d3116 |
||
| 980 |
_81 _gALBERTO SANCHEZ Responsable de Automatización |
||